000 00568cam a22002053a 4500
001 40134
003 PGUSA
005 20140828083908.0
008 120703s2012||||xxu|||||s|||||000 | eng d
040 _aPGUSA
_beng
042 _adc
100 1 _aBelloc, Hilaire,
_d1870-1953
245 1 2 _aA Moral Alphabet
_h[electronic resource] /
_cHilaire Belloc
260 _bProject Gutenberg,
_c2012
506 _aPublic domain in the USA.
516 _aElectronic text
830 0 _aProject Gutenberg
_v40134
856 4 0 _uhttp://www.gutenberg.org/ebooks/40134
942 _cEB
999 _c269387
_d269387